000 00327nam a2200133Ia 4500
008 150301s2015 xx 000 0 und d
082 _a615.4
_bA12D
100 _aR. JOHN DYER
245 _aAPPLICATION OF ABSORPTION SPECTROSCOPY
260 _bPHI LEAMARY(P) LTD
300 _a147
650 _aPHARMACEUTICS
942 _2ddc
_cBK
999 _c7150
_d7150